000 03323cgm a2200517Ia 4500
005 20260322212025.0
007 data
008 data
020 _a1419818228
020 _a9781419818226
024 1 _a012569736573
028 4 2 _a73657
_bWarner Home Video
040 _aTEFMT
_cTEFMT
_dCtY
_dRCS
_dDRB
_dCtY
041 1 _aeng
_bspa
_bfre
_bspa
_hfre
_hfre
043 _at------
049 _aYUSS
050 1 4 _aQL696.S473
_b.M37 2005
099 _aDVD 777
245 0 0 _aMarch of the penguins
_h[videorecording] /
_cBonne Pioche ; Buena Vista International Film Production France ; Canal+ ; APC ; L'Institut Polare Français Paul Enice Victor ; produced by Yves Darondeau, Christophe Lioud, Emmanuel Priou ; story by Luc Jacquet ; narration writer, Jordan Roberts ; directed by Luc Jacquet.
246 1 _iAlso known as:
_aMarche de l'empereur
250 _aWidescreen ed.
260 _aBurbank, CA :
_bWarner Home Video,
_cc2005.
300 _a1 videodisc (ca. 80 min.) :
_bsd., col. ;
_c4 3/4 in.
500 _aOriginally released as a motion picture in 2005.
500 _aSpecial features: "Crittercam: Emperor penguins" documentary; "Of men and penguins" documentary; "8 ball Bunny": a classic Warner Bros. animation short with Bugs Bunny and a penguin.
508 _aDirectors of photography, Laurent Chalet, Jérôme Maison ; narrator, Morgan Freeman ; editor, Sabine Emiliani ; music, Alex Wurman.
520 _aIn the Antarctic, every March for eons the quest begins to find the perfect mate and start a family. This courtship will begin with a long journey - a journey that will take them hundreds of miles across the continent by foot, one by one in a single file. They will endure freezing temperatures, in brittle, icy winds and through deep, treacherous waters, risking starvation and attack by dangerous predators, under the harshest conditions on earth.
521 8 _aMPAA rating: G.
538 _aDVD, region 1, widescreen (1.85:1) presentation; Dolby Digital 5.1 surround.
546 _aEnglish dialogue with optional French or Spanish subtitles; closed-captioned.
590 _aMPAA rating: G.
590 _aNarration: Morgan Freeman.
590 _aSpecial features: "Crittercam: Emperor penguins" documentary; "Of men and penguins" documentary; "8 ball Bunny": a classic WB animation short with Bugs Bunny and a penguin.
590 _aTitle from container.
592 _aIn the Antarctic, every March since the beginning of time, the quest begins to find the perfect mate and start a family. This courtship will begin with a long journey - a journey that will take them hundreds of miles across the continent by foot, one by one in a single file. They will endure freezing temperatures, in brittle, icy winds and through deep, treacherous waters. They will risk starvation and attack by dangerous predators, under the harshest conditions on earth, all to find true love.
650 0 _aEmperor penguin
_zAntarctica.
650 0 _aPenguins
_zAntarctica
_xSexual behavior.
650 0 _aParental behavior in animals
_zAntarctica.
650 0 _aDocumentary films
_zFrance.
650 0 _aFeature films
_zFrance.
650 0 _aVideo recordings for the hearing impaired.
700 1 _aJacquet, Luc.
700 1 _aFreeman, Morgan.
710 2 _aWarner Home Video (Firm)
001 data
999 _c563
_d563